| 000 | 00568nam a2200229Ia 4500 | ||
|---|---|---|---|
| 999 |
_c9486 _d9486 |
||
| 003 | 0100 | ||
| 005 | 20170502103559.0 | ||
| 008 | 130303s9999 xx 000 0 und d | ||
| 020 | _a865316171 | ||
| 040 | _cARRUPELIB | ||
| 050 | _aDT963.B871988 | ||
| 100 |
_aBurdette, Marcia M. (Marcia Muldrow) _930253 |
||
| 245 | _aZambia | ||
| 245 | _bbetween two worlds | ||
| 260 |
_bWestview Press _aBoulder, Colo. _c1988 |
||
| 300 | _axiv | ||
| 300 | _b 210 p. ill. 24 cm | ||
| 440 |
_aProfiles. Nations of contemporary Africa _930254 |
||
| 650 |
_aZambia - Social conditions _930255 |
||
| 700 |
_aMarcia M. Burdette _930256 |
||
| 942 | 0 | 0 |
_04 _2lcc _cMONOGRAPH |